000 00581nam a22002417a 4500
003 UA-OsUOA
001 356
007 ta
008 20050530b un ||||| |||| 00| 0 ukr d
100 _aКолодко В.
090 _a330.1:32
_bК61
942 _cBK
040 _aUA-OsUOA
_bukr
_cUA-OsUOA
_dUA-OsUOA
245 _aВід шоку до терапії
300 _a563 с.
955 _a1
041 _aukr
080 _a330.1:32
020 _a966-7790-01-0
260 _aЛьвів
_c2004
650 7 _a330 Економіка взагалі
_2UDC
999 _c286520
_d286520